Score 0/20 Timer 02:30
2 Plays Today
Question Answer Wrong Answers
Cara Delevingne Real Cara Delevingne
95.9%
Wax Cara Delevingne
2.1%
Johnny Depp Real Johnny Depp
94.3%
Wax Johnny Depp
3.7%
Rihanna Real Rihanna
94.1%
Wax Rihanna
3.8%
Ryan Gosling Real Ryan Gosling
94%
Wax Ryan Gosling
4%
Anne Hathaway Real Anne Hathaway
93.3%
Wax Anne Hathaway
4.7%
Miley Cyrus Real Miley Cyrus
92.8%
Wax Miley Cyrus
5.2%
Sandra Bullock Real Sandra Bullock
92.7%
Wax Sandra Bullock
5.3%
Justin Bieber Real Justin Bieber
92.5%
Wax Justin Bieber
5.4%
Neil Patrick Harris Real Neil Patrick Harris
90.8%
Wax Neil Patrick Harris
7.2%
Snoop Dogg Real Snoop Dogg
89.8%
Wax Snoop Dogg
8.2%
Taylor Swift Real Taylor Swift
88.9%
Wax Taylor Swift
9%
Adele Real Adele
88.2%
Wax Adele
9.8%
Heidi Klum Real Heidi Klum
86.7%
Wax Heidi Klum
11.3%
Zendaya Real Zendaya
84.5%
Wax Zendaya
13.4%
Jennifer Lopez Real Jennifer Lopez
83.5%
Wax Jennifer Lopez
14.4%
Jon Hamm Real Jon Hamm
83.1%
Wax Jon Hamm
14.8%
Pharrell Williams Real Pharrell Williams
82.9%
Wax Pharrell Williams
15.2%
Helen Mirren Real Helen Mirren
82.6%
Wax Helen Mirren
15.3%
Benedict Cumberbatch Real Benedict Cumberbatch
81%
Wax Benedict Cumberbatch
17%
Mike Tyson Real Mike Tyson
43%
Wax Mike Tyson
55.1%
Remove Ads.
Support Sporcle.
Get the best of Sporcle when you Go Orange. This ad-free experience offers more features, more stats, and more fun while also helping to support Sporcle. Thank you for becoming a member.

You're not logged in!

Compare scores with friends on all Sporcle quizzes.
OR
Log In

Show Comments

Extras

Top Quizzes Today


Score Distribution

Your Account Isn't Verified!

In order to create a playlist on Sporcle, you need to verify the email address you used during registration. Go to your Sporcle Settings to finish the process.

Report this User

Report this user for behavior that violates our Community Guidelines.

Details: